| 000 | 00460nam a2200157 i 4500 | ||
|---|---|---|---|
| 001 | 48904 | ||
| 003 | ES-MaACL | ||
| 005 | 20230906161837.0 | ||
| 007 | t| | ||
| 008 | 030702s1963 sp ||||1| spa d | ||
| 100 | 1 |
_aCórdoba Roda, Juan. _940552 |
|
| 245 | 1 | 0 |
_aUna nueva concepción del delito _b: la doctrina finalista / _cpor Juan Córdoba Roda. |
| 260 |
_aBarcelona : _bAriel, _c1963. |
||
| 300 |
_a99 p. ; _c24 cm. |
||
| 852 |
_aES-MaACL _jC-23804 _bR.52080 |
||
| 999 |
_c48904 _d48904 |
||